Caravaggio (Record no. 11020)
[ view plain ]
| 000 -CABECERA | |
|---|---|
| campo de control de longitud fija | 01237nam a22003257a 4500 |
| 001 - NÚMERO DE CONTROL | |
| campo de control | BRCA_9398 |
| 003 - IDENTIFICADOR DEL NÚMERO DE CONTROL | |
| campo de control | FranzMayer |
| 005 - FECHA Y HORA DE LA ÚLTIMA TRANSACCIÓN | |
| campo de control | 20230918125053.0 |
| 008 - DATOS DE LONGITUD FIJA--INFORMACIÓN GENERAL | |
| campo de control de longitud fija | 230904b |||||||| |||| 00| 0 eng d |
| 020 ## - NÚMERO INTERNACIONAL ESTÁNDAR DEL LIBRO | |
| Número Internacional Estándar del Libro | 9786076055229 |
| 040 ## - FUENTE DE LA CATALOGACIÓN | |
| Centro catalogador/agencia de origen | MFM |
| Lengua de catalogación | español |
| Centro/agencia transcriptor | MFM |
| 050 #0 - SIGNATURA TOPOGRÁFICA DE LA BIBLIOTECA DEL CONGRESO | |
| Número de clasificación | ND813.C37 |
| Número de documento/Ítem | M87 2018 |
| 110 1# - ENTRADA PRINCIPAL--NOMBRE DE ENTIDAD CORPORATIVA | |
| Código de función/relación | Responsable |
| Nombre de entidad corporativa o nombre de jurisdicción como elemento de entrada | Museo Nacional de Arte |
| 9 (RLIN) | 29521 |
| 240 ## - TÍTULO UNIFORME | |
| Título uniforme | Caravaggio |
| Medio | Una obra, un legado |
| Lenguaje de la obra | Español |
| 245 0# - MENCIÓN DE TÍTULO | |
| Título | Caravaggio |
| Resto del título | Una obra, un legado |
| 260 ## - PUBLICACIÓN, DISTRIBUCIÓN, ETC. | |
| Lugar de publicación, distribución, etc. | México |
| Nombre del editor, distribuidor, etc. | INBA |
| Fecha de publicación, distribución, etc. | 2018 |
| 300 ## - DESCRIPCIÓN FÍSICA | |
| Extensión | 68 p |
| Otras características físicas | Ilustraciones a color |
| Dimensiones | 28 cm |
| 500 ## - NOTA GENERAL | |
| Nota general | Anexo 1 |
| 505 ## - NOTA DE CONTENIDO CON FORMATO | |
| Nota de contenido con formato | Texto en: españolIncluye índice temáticoIncluye bibliografíaDirigido a: artistas, historiadores de arte |
| 650 1# - PUNTO DE ACCESO ADICIONAL DE MATERIA--TÉRMINO DE MATERIA | |
| Fuente del encabezamiento o término | Caravaggio, Michelangelo Merisi da |
| Término de materia o nombre geográfico como elemento de entrada | 1571-1610 |
| Subdivisión de forma | Crítica e interpretación |
| 9 (RLIN) | 29522 |
| 700 1# - PUNTO DE ACCESO ADICIONAL--NOMBRE DE PERSONA | |
| Código de función/relación | Textos |
| Nombre de persona | Enríquez, Giovanna |
| 9 (RLIN) | 29523 |
| 700 1# - PUNTO DE ACCESO ADICIONAL--NOMBRE DE PERSONA | |
| Código de función/relación | Textos |
| Nombre de persona | García, Leonardo |
| 9 (RLIN) | 29524 |
| 700 1# - PUNTO DE ACCESO ADICIONAL--NOMBRE DE PERSONA | |
| Código de función/relación | Textos |
| Nombre de persona | Ortiz Cobos, Omar |
| 9 (RLIN) | 29525 |
| 700 1# - PUNTO DE ACCESO ADICIONAL--NOMBRE DE PERSONA | |
| Código de función/relación | Textos |
| Nombre de persona | Guarino, Sergio |
| 9 (RLIN) | 29526 |
| 700 1# - PUNTO DE ACCESO ADICIONAL--NOMBRE DE PERSONA | |
| Código de función/relación | Textos |
| Nombre de persona | Pérez Durán, Samantha |
| 9 (RLIN) | 29527 |
| 700 1# - PUNTO DE ACCESO ADICIONAL--NOMBRE DE PERSONA | |
| Código de función/relación | Textos |
| Nombre de persona | Piliado Santana, Alivé |
| 9 (RLIN) | 29528 |
| 700 1# - PUNTO DE ACCESO ADICIONAL--NOMBRE DE PERSONA | |
| Código de función/relación | Textos |
| Nombre de persona | Rodríguez Rangel, Victor |
| 9 (RLIN) | 29529 |
| 700 1# - PUNTO DE ACCESO ADICIONAL--NOMBRE DE PERSONA | |
| Código de función/relación | Textos |
| Nombre de persona | Villacencio García, Abraham |
| 9 (RLIN) | 29530 |
| 942 ## - ELEMENTOS DE PUNTO DE ACCESO ADICIONAL (KOHA) | |
| Fuente del sistema de clasificación o colocación | Library of Congress Classification |
| Tipo de ítem Koha | Libros |
| Estado de retiro | Estado de pérdida | Fuente del sistema de clasificación o colocación | Estado dañado | No para préstamo | Código de colección | Localización permanente | Ubicación/localización actual | Fecha de adquisición | Total de préstamos | Signatura topográfica completa | Código de barras | Fecha visto por última vez | Precio válido a partir de | Tipo de ítem Koha |
|---|---|---|---|---|---|---|---|---|---|---|---|---|---|---|
| El ejemplar forma parte de la colección y puede ser consultado según las políticas vigentes. | Library of Congress Classification | Fondo Contemporáneo | Biblioteca del Museo Franz Mayer (Rogerio Casas-Alatriste) | Biblioteca del Museo Franz Mayer (Rogerio Casas-Alatriste) | 04/09/2023 | ND813.C37 M87 2018 | CONT10168 | 04/09/2023 | 04/09/2023 | Libros |